La viuda del molino /

Bibliographic Details
Main Author: Varona Herrera, Rubén Andrés, 1980- (Author)
Format: Electronic eBook
Language:Spanish
Published: Popayán, Colombia : Editorial Universidad del Cauca, 2023.
Edition:Primera edición en español.
Series:Narrativa (Universidad del Cauca. Editorial)
Subjects:
Online Access:Digitalia Hispánica

MARC

LEADER 00000nam a2200000Ii 4500
001 DIGUCAUCA0168
003 NyNyDIG
006 m o d
007 cr |||||||||||
008 250611s2023 ck o 000 f spa d
035 |a (OCoLC)1517263013 
040 |a DGITA  |b eng  |e rda  |e pn  |c DGITA 
020 |a 9789587325966  |q digital 
020 |z 9789587325959  |q impreso 
050 1 4 |a PQ8180.432.A769 ebook 
100 1 |a Varona Herrera, Rubén Andrés,  |d 1980-  |e author. 
245 1 3 |a La viuda del molino /  |c Rubén Varona. 
250 |a Primera edición en español. 
264 1 |a Popayán, Colombia :  |b Editorial Universidad del Cauca,  |c 2023. 
300 |a 1 online resource. 
336 |a text  |b txt  |2 rdacontent 
337 |a computer  |b c  |2 rdamedia 
338 |a online resource  |b cr  |2 rdacarrier 
347 |a text file  |2 rdaft  
347 |b PDF 
490 1 |a Narrativa 
588 0 |a Online resource; title from PDF title page (Digitalia, viewed June 11, 2025) 
655 7 |a Fiction.  |2 lcgft 
776 0 8 |i Print version:  |a Varona Herrera, Rubén Andrés, 1980-  |t Viuda del molino.  |b Primera edición en español.  |d Popayán, Colombia : Editorial Universidad del Cauca, 2023  |z 9789587325959 
791 2 |a Digitalia (Firm),  |e distributor. 
793 0 |g Digitalia eBook Collection:  |a Editorial Universidad del Cauca 
830 0 |a Narrativa (Universidad del Cauca. Editorial) 
856 4 0 |3 Digitalia Hispánica  |u https://www.digitaliapublishing.com/a/173792/ 
910 |a Premium collection: 2025